00434nam a2200157Ia 4500001001000000003000500010008004100015010001100056040000900067082001700076100002400093245005800117260005100175300001100226650003900237Para_7069CHAP220125s1955 xx 000 0 und d a205895 cCHAP aPA 633.61 E4 aEdgerton, Claude W. aSugarcane and its diseases /c by Claude W. Edgerton aLouisiana :b Louisiana State University Press a290 p. aCaña de azúcar x enfermedades